000 00462cam a2200193ua 4500
001 793
008 110420n ii |||gr||||Z||||||eng
020 _a81-237-0635-9
040 _cMAIN
082 _a347.54
245 1 _aOur judiciary
_cby B R Agarwala
250 _a2nd.
260 _aNew Delhi:
_bNational book trust,996.
300 _a214p:0cm.
653 _aPolitical science
653 _aOur judiciary
700 _aAgarwala, B R,
_eAuthor.
942 _cBK
999 _c719
_d719